International Trade: (Record no. 1474)
[ view plain ]
| 000 -LEADER | |
|---|---|
| fixed length control field | 00730nam a22002177a 4500 |
| 005 - DATE AND TIME OF LATEST TRANSACTION | |
| control field | 20241217081508.0 |
| 008 - FIXED-LENGTH DATA ELEMENTS--GENERAL INFORMATION | |
| fixed length control field | 241217b |||||||| |||| 00| 0 eng d |
| 020 ## - INTERNATIONAL STANDARD BOOK NUMBER | |
| International Standard Book Number | 9781292417233 |
| 040 ## - CATALOGING SOURCE | |
| Original cataloging agency | KMU |
| Transcribing agency | KMU |
| Modifying agency | KMU |
| Description conventions | RDA |
| 050 ## - LIBRARY OF CONGRESS CALL NUMBER | |
| Classification number | HF 1007.385 |
| 100 ## - MAIN ENTRY--PERSONAL NAME | |
| Personal name | Krugman R. Paul, Obstfeld Maurice and Melitz J. Marc |
| 245 ## - TITLE STATEMENT | |
| Title | International Trade: |
| Remainder of title | Theory & Policy / |
| Statement of responsibility, etc. | Paul R. Krugman, Maurice Obstfeld and Marc J. Melitz |
| 250 ## - EDITION STATEMENT | |
| Edition statement | Global Edition |
| 260 ## - PUBLICATION, DISTRIBUTION, ETC. | |
| Place of publication, distribution, etc. | England: |
| Name of publisher, distributor, etc. | Pearson Education, |
| Date of publication, distribution, etc. | 2023. |
| 300 ## - PHYSICAL DESCRIPTION | |
| Extent | 365 pages; |
| Other physical details | ill: |
| Dimensions | 25cm. |
| 500 ## - GENERAL NOTE | |
| General note | includes an index |
| 650 ## - SUBJECT ADDED ENTRY--TOPICAL TERM | |
| Source of heading or term | LCC |
| Topical term or geographic name entry element | International Trade |
| 700 ## - ADDED ENTRY--PERSONAL NAME | |
| Personal name | Obstfeld Maurice |
| Numeration | Author |
| 700 ## - ADDED ENTRY--PERSONAL NAME | |
| Personal name | Melitz J. Marc |
| Numeration | Author |
| 942 ## - ADDED ENTRY ELEMENTS (KOHA) | |
| Source of classification or shelving scheme | Library of Congress Classification |
| Koha item type | Non-Fiction |
| Edition | Global Edition |
| Suppress in OPAC | No |
| Withdrawn status | Lost status | Source of classification or shelving scheme | Damaged status | Not for loan | Collection | Home library | Current library | Shelving location | Date acquired | Source of acquisition | Total Checkouts | Full call number | Barcode | Date last seen | Price effective from | Koha item type |
|---|---|---|---|---|---|---|---|---|---|---|---|---|---|---|---|---|
| Library of Congress Classification | Non-fiction | Kapasa Makasa University | Kapasa Makasa University | Open Access | 17.12.2024 | Book Aid International | HF 1007.385 Kru | 300958 | 17.12.2024 | 17.12.2024 | Non-Fiction | |||||
| Library of Congress Classification | Non-fiction | Kapasa Makasa University | Kapasa Makasa University | Open Access | 17.12.2024 | Book Aid International | HF 1007.385 Kru | 300959 | 17.12.2024 | 17.12.2024 | Non-Fiction | |||||
| Library of Congress Classification | Non-fiction | Kapasa Makasa University | Kapasa Makasa University | Open Access | 17.12.2024 | Book Aid International | HF 1007.385 Kru | 300960 | 17.12.2024 | 17.12.2024 | Non-Fiction | |||||
| Library of Congress Classification | Non-fiction | Kapasa Makasa University | Kapasa Makasa University | Open Access | 17.12.2024 | Book Aid International | HF 1007.385 Kru | 300961 | 17.12.2024 | 17.12.2024 | Non-Fiction |